Every Horrible Histories Song There Is - Statistics

General Stats
  • This quiz has been taken 230 times
  • The average score is 12 of 64
Answer Stats
Season Answer % Correct
Season One Born 2 Rule
74%
Ra Ra Cleopatra
38%
Divorced, Beheaded and Died | The Wives of Henry VIII
36%
The Monarch's Song
35%
Season Four The Few | RAF Pilots
33%
Boudicca
32%
Caveman Love
32%
Sports Special Flame | It's Going to Burn Forever
29%
Henry VII: The Original Tu-Tu-Tu-Tudor
29%
We're History | The Finale Song
29%
Charles Dickens | Miserable
27%
Season Five Rosa Parks | I Sat On a Bus
26%
Ridiculous Romance Love Rats
25%
Charles Darwin: Natural Selection
24%
Do the Pachacuti
24%
Season Three Dick Turpin, Highwayman
23%
I'm a Knight
23%
Mary I
23%
Spartan School Musical
23%
It's Not True!
22%
Mary Seacole
21%
The Suffragettes' Song
21%
The Blue-Blooded Blues
20%
The Plague Song | Bring Out Your Dead!
20%
Burke and Hare
19%
Discaztec | Ain't Staying Alive
19%
British Things
18%
Scary Special Death's Favourite Things
18%
Making a Mummy
18%
Alexander the Great
17%
A Gorgeous Georgian Lady
16%
Transportation
16%
Victorian Inventions
16%
It's a New World | The Pilgrim Fathers
15%
Joan of Arc
15%
Terrible Tudors
15%
The Ages of Stone
15%
The Borgia Family
15%
The English Civil War Song
15%
The Thinkers
15%
We Are Greek
15%
William Wallace, Scottish Rebel
15%
Work, Terrible Work
15%
Australia
14%
Celtic Boast Battle
14%
Crassus: Minted
13%
Luddites!
13%
Nelson's Navy | The Georgian Navy
13%
Vikings and Garfunkel
13%
The WWII Girls
12%
Frightful First World War Special World War One Cousins
12%
Learn Your Hieroglyphics
11%
Season Two Literally: The Viking Song
11%
Real Life Cowboys
11%
Charles II: The King of Bling
10%
Funky Monks
10%
The Truth About Richard III
10%
Blackbeard's Song
9%
Owain Glyndwr
9%
The Evil Emperors' Song
9%
Victoria and Albert: A Love Ballad
9%
Shakespeare and the Quills
8%
George IV: He Couldn't Stand His Wife
7%
Matilda(s), Stephen... and Henry
6%
No matching quizzes found
Score Distribution
Percent of People with Each Score
Percentile by Number Answered
Your Score History
You have not taken this quiz